Paroles - Nekfeu Mauvaise Graine Part.2 - Statistiques

Statistiques générales
  • Ce quiz a été pris 200 fois
  • Le résultat moyen est 120 sur 167
Statistiques - réponses
Hint Réponse % Correct
ma
94%
m'a
94%
pas
93%
Couplet 3 De
92%
de
92%
Graine
92%
graine
92%
à
90%
a
90%
Outro À
90%
mauvais
90%
Je
88%
Mauvaise
88%
mauvaise
88%
le
85%
Le
85%
un
85%
du
83%
83%
j'ai
83%
ne
83%
l'a
81%
81%
la
81%
ans
79%
psy
79%
seize
79%
six
78%
une
78%
voir
78%
dit
75%
ça
74%
les
74%
tu
74%
dans
72%
maman
72%
Pont Maman
72%
nus
72%
on
71%
On
71%
pour
69%
c'est
68%
comme
68%
éducation
68%
en
68%
famille
68%
garçon
68%
jamais
68%
obligation
68%
ton
68%
même
67%
Mon
67%
ou
67%
sur
67%
trahis
67%
Être
65%
nous
65%
agis
64%
des
64%
ils
64%
Mais
64%
Man
64%
pieds
64%
scène
64%
talent
64%
tes
64%
cadeaux
63%
j'suis
63%
large
63%
loge
63%
pourquoi
63%
ami
61%
comprends
61%
fait
61%
freestylé
61%
long
61%
mes
61%
vient
61%
Nike
60%
voudrais
60%
détention
58%
d'tomber
58%
l'école
58%
manutention
58%
attention
57%
déjà
57%
depuis
57%
deux
57%
d'la
57%
font
57%
jeune
57%
l'allée
57%
mal
57%
parler
57%
relevés
57%
l'son
56%
tombés
56%
mois
54%
tensions
54%
gars
53%
grec
53%
j'veux
53%
Maintenant
53%
m'évader
53%
Viens
53%
y'en
53%
camion
51%
dimension
51%
Parmi
50%
ouais
46%
t'amène
44%
d'l'époque
43%
qu'en
43%
Aucun quiz correspondant
Distribution des résultats
% des personnes avec chaque résultat
Percentile par nombre de réponses
Votre historique - résultats
Vous n’avez pas pris ce quiz